Culture Générale - Série 1953 - Statistiques

Statistiques générales
  • Ce quiz a été pris 73 fois
  • Le résultat moyen est 4 sur 10
Statistiques - réponses
Question Réponse % Correct
Quel nom d'origine italienne de 5 lettres est utilisé pour désigner un défilé de chars fleuris ? corso
64%
Statue funéraire représentant le défunt étendu gisant
64%
Ce mot désigne à la fois un instrument de musique et une tortue marine luth
59%
Quel prénom masculin désigne à la fois une région d'Espagne et de Bretagne ? Leon
56%
Quelle chanson de Jacques Brel commence par "Ma mère voici le temps venu d'aller prier pour mon salut" ? Mathilde
47%
Ce mot désigne à la fois un lieu pour se loger, un terrier,un morceau de viande de boeuf gîte
34%
On appelle un fil d'araignée qui vole dans l'air, un fil de la .... vierge
14%
Soldat de service auprès d'un officier supérieur ou sentinelle. planton
10%
Ce mot désigne à la fois un jeune cochon et un alevin nourrain
9%
Quelle fleur est aussi appelée gant de bergère, gant de Notre-Dame, cornette, aiglantine, colombine ou encore tourette ? voir photo ancolie
3%
Aucun quiz correspondant
Distribution des résultats
% des personnes avec chaque résultat
Percentile par nombre de réponses
Votre historique - résultats
Vous n’avez pas pris ce quiz